Effectif Belgique - Euro 2016 - Statistiques

Statistiques générales
  • Ce quiz a été pris 24 fois
  • Le résultat moyen est 18 sur 24
Statistiques - réponses
POSTE CLUB NUMERO JOUEUR % Correct
DEF Tottenham 5 Jan Vertonghen
100%
G Chelsea 1 Thibaut Courtois
100%
ATT Chelsea 10 Eden Hazard
96%
DEF KV Ostende 21 Jordan Lukaku
96%
MIL Manchester City 7 Kevin De Bruyne
96%
ATT Everton 9 Romelu Lukaku
96%
G Liverpool 12 Simon Mignolet
96%
MIL Zénith Saint-Pétersbourg 6 Axel Witsel
92%
ATT SSC Napoli 14 Dries Mertens
92%
MIL Manchester United 8 Marouane Fellaini
92%
ATT Liverpool 17 Divock Origi
88%
MIL Tottenham 19 Moussa Dembélé
88%
MIL AS Roma 4 Radja Nainggolan
88%
DEF FC Barcelone 3 Thomas Vermaelen
88%
DEF Tottenham 2 Toby Alderweireld
88%
ATT Atlético Madrid 11 Yannick Ferreira Carrasco
88%
ATT Olympique de Marseille 22 Michy Batshuayi
83%
ATT Liverpool 20 Christian Benteke
79%
DEF Club Bruges 16 Thomas Meunier
71%
COACH - - Marc Wilmots
42%
DEF Galatasaray 15 Jason Denayer
29%
DEF Impact Montréal 23 Laurent Ciman
17%
G KV Mechelen 13 Jean-François Gillet
8%
DEF KRC Genk 18 Christian Kabasele
4%
Aucun quiz correspondant
Distribution des résultats
% des personnes avec chaque résultat
Percentile par nombre de réponses
Votre historique - résultats
Vous n’avez pas pris ce quiz